[Event "Riga Tech Rapid op"]
[Site "Riga"]
[Date "2021.08.08"]
[Round "7"]
[White "Brikers, Aleksandrs"]
[Black "Bazilius, Augustinas"]
[Result "0-1"]
[WhiteElo "2071"]
[BlackElo "1734"]
[PlyCount "115"]
[EventDate "2021.08.08"]
[EventType "swiss (rapid)"]
[EventRounds "9"]
[EventCountry "LAT"]
[SourceTitle "CBM 203 Extra"]
[Source "ChessBase"]
[SourceDate "2021.09.30"]
[SourceVersion "1"]
[SourceVersionDate "2021.09.30"]
[SourceQuality "1"]

1. e4 c5 2. c3 e6 3. d4 d5 4. exd5 exd5 5. Nf3 Nf6 6. Bg5 Nbd7 7. Bd3 Be7 8. 0-0 0-0 9. Re1 Re8 10. Nbd2 h6 11. Bh4 a6 12. Rc1 c4 13. Bb1 Nf8 14. Ne5 N6d7 15. Bxe7 Rxe7 16. Ndf3 Nxe5 17. Nxe5 Qe8 18. h3 f6 19. Nf3 Rxe1+ 20. Nxe1 Bd7 21. Qc2 Qf7 22. Nf3 Re8 23. Re1 Rxe1+ 24. Nxe1 g5 25. Nf3 Kg7 26. Nh2 Qe7 27. Qd1 Be8 28. Nf1 Bg6 29. Ne3 Bxb1 30. Qxb1 Qe6 31. Qf5 Qxf5 32. Nxf5+ Kf7 33. Nd6+ Ke6 34. Nxb7 Kd7 35. Nc5+ Kc6 36. Nxa6 Nd7 37. Kf1 Nb6 38. b3 Kb5 39. Nc5 Nc8 40. Ke2 Nd6 41. f3 f5 42. Ke3 f4+ 43. Ke2 Nf5 44. Nb7 Ne3 45. Nd6+ Kc6 46. Nf7 Nxg2 47. Nxh6 Ne3 48. Nf7 Nf5 49. bxc4 dxc4 50. Nxg5 Ng3+ 51. Kf2 Nf5 52. Ne6 Kb5 53. Nxf4 Ka4 54. d5 Ka3 55. h4 Kxa2 56. h5 Kb3 57. Ne2 Ka4 58. f4 0-1

[Event "LAT-chT"]
[Site "Riga"]
[Date "2019.06.09"]
[Round "6.1"]
[White "Laurusas, Tomas"]
[Black "Brikers, Aleksandrs"]
[Result "1-0"]
[WhiteElo "2495"]
[BlackElo "2076"]
[PlyCount "57"]
[EventDate "2019.02.16"]
[EventType "team-tourn"]
[EventRounds "9"]
[EventCountry "LAT"]
[SourceTitle "CBM 190 Extra"]
[Source "ChessBase"]
[SourceDate "2019.07.15"]
[SourceVersion "1"]
[SourceVersionDate "2019.07.15"]
[SourceQuality "1"]
[WhiteTeam "Termo Eko/RSF"]
[BlackTeam "Rigas Saha School"]
[WhiteTeamCountry "LAT"]
[BlackTeamCountry "LAT"]

1. c4 e6 2. Nf3 Nf6 3. b3 d5 4. Bb2 Be7 5. cxd5 exd5 6. g3 0-0 7. Bg2 c6 8. 0-0 h6 9. Qc2 Nbd7 10. d3 Re8 11. Nbd2 a5 12. e4 dxe4 13. dxe4 a4 14. Rad1 axb3 15. axb3 Qb6 16. Nc4 Qc5 17. e5 Nd5 18. e6 fxe6 19. Qg6 N5f6 20. Rxd7 Bxd7 21. Nfe5 Bf8 22. Qf7+ Kh7 23. Nxd7 Nxd7 24. Be4+ Kh8 25. Qg6 Kg8 26. Rd1 Qg5 27. Qh7+ Kf7 28. Rxd7+ Be7 29. Bg6+ 1-0

[Event "LAT-ch"]
[Site "Riga"]
[Date "2019.05.01"]
[Round "3"]
[White "Jankovskis, Guntis"]
[Black "Brikers, Aleksandrs"]
[Result "1-0"]
[WhiteElo "2291"]
[BlackElo "2037"]
[PlyCount "45"]
[EventDate "2019.04.29"]
[EventType "swiss"]
[EventRounds "9"]
[EventCountry "LAT"]
[SourceTitle "CBM 190 Extra"]
[Source "ChessBase"]
[SourceDate "2019.07.15"]
[SourceVersion "1"]
[SourceVersionDate "2019.07.15"]
[SourceQuality "1"]

1. d4 d5 2. Nf3 Nf6 3. c4 e6 4. g3 dxc4 5. Bg2 c6 6. Ne5 b5 7. a4 Nd5 8. 0-0 Bb7 9. e4 Nf6 10. axb5 cxb5 11. Nc3 a6 12. d5 Bb4 13. dxe6 Qxd1 14. exf7+ Ke7 15. Rxd1 Nbd7 16. Nxd7 Nxd7 17. Bg5+ Nf6 18. e5 Bxg2 19. Kxg2 Bxc3 20. bxc3 Kxf7 21. exf6 gxf6 22. Bf4 Rhe8 23. Rd5 1-0

[Event "EU-ch U18 28th"]
[Site "Riga"]
[Date "2018.08.21"]
[Round "2"]
[White "Lopez Mulet, Inigo"]
[Black "Brikers, Aleksandrs"]
[Result "1-0"]
[WhiteElo "2395"]
[BlackElo "2046"]
[PlyCount "113"]
[EventDate "2018.08.20"]
[EventType "swiss"]
[EventRounds "9"]
[EventCountry "LAT"]
[SourceTitle "CBM 186 Extra"]
[Source "ChessBase"]
[SourceDate "2018.08.24"]
[SourceVersion "1"]
[SourceVersionDate "2018.08.24"]
[SourceQuality "1"]

1. d4 Nf6 2. c4 c5 3. d5 e6 4. Nc3 exd5 5. cxd5 d6 6. e4 g6 7. Nge2 Bg7 8. Ng3 0-0 9. Be2 Nbd7 10. 0-0 a6 11. a4 Rb8 12. Rb1 Ne8 13. Be3 Nc7 14. Qd2 b5 15. axb5 axb5 16. b4 c4 17. Ra1 Na6 18. Ba7 Ra8 19. Bd4 Bxd4 20. Qxd4 Rb8 21. Ra5 Nxb4 22. Rxb5 Ba6 23. Rxb8 Qxb8 24. Rb1 Rc8 25. Bg4 Rc7 26. Bxd7 Rxd7 27. h4 h5 28. e5 dxe5 29. Qc5 Rb7 30. Nge4 Nd3 31. Rxb7 Qxb7 32. Nf6+ Kg7 33. Ne8+ Kg8 34. Qd6 Qb4 35. Qf6 Qf8 36. Qd8 Nc5 37. d6 Ne6 38. Qe7 Bb7 39. Qd7 Nc5 40. Qb5 Ba6 41. Qxc5 Qxe8 42. Nd5 Qb5 43. Qxb5 Bxb5 44. d7 Bxd7 45. Nf6+ Kg7 46. Nxd7 f6 47. Kf1 Kf7 48. Ke2 Ke6 49. Nb6 Kf5 50. Nxc4 g5 51. hxg5 fxg5 52. Ke3 h4 53. Nd6+ Ke6 54. Ne4 Kf5 55. Nd2 g4 56. g3 hxg3 57. fxg3 1-0

[Event "EU-ch U18 28th"]
[Site "Riga"]
[Date "2018.08.20"]
[Round "1"]
[White "Brikers, Aleksandrs"]
[Black "Ileana, George"]
[Result "0-1"]
[WhiteElo "2046"]
[BlackElo "2324"]
[PlyCount "70"]
[EventDate "2018.08.20"]
[EventType "swiss"]
[EventRounds "9"]
[EventCountry "LAT"]
[SourceTitle "CBM 186 Extra"]
[Source "ChessBase"]
[SourceDate "2018.08.24"]
[SourceVersion "1"]
[SourceVersionDate "2018.08.24"]
[SourceQuality "1"]

1. e4 c5 2. c3 d5 3. exd5 Qxd5 4. d4 Nc6 5. Nf3 Bf5 6. dxc5 Qxd1+ 7. Kxd1 0-0-0+ 8. Ke1 e5 9. Be3 Nf6 10. Bb5 Ng4 11. b4 a6 12. Bc4 Nxe3 13. fxe3 f6 14. Nbd2 Bd3 15. Rc1 e4 16. Bxd3 Rxd3 17. Ke2 f5 18. Rhd1 g6 19. Ne1 Rd8 20. Nc4 Bg7 21. a4 Ne5 22. Nd6+ Kc7 23. Rd5 Nc4 24. Rcd1 Nb2 25. R1d2 Nxa4 26. c4 Nc3+ 27. Kf2 Nxd5 28. Rxd5 Rd7 29. Nc2 Rhd8 30. Nd4 Rxd6 31. cxd6+ Rxd6 32. Rc5+ Kd7 33. Ne2 b6 34. Rd5 Rxd5 35. cxd5 Be5 0-1

[Event "Klaipeda Sea op-A 15th"]
[Site "Klaipeda"]
[Date "2018.07.28"]
[Round "6"]
[White "Brikers, Aleksandrs"]
[Black "Pidluznij, Gleb"]
[Result "0-1"]
[WhiteElo "2046"]
[BlackElo "1857"]
[PlyCount "144"]
[EventDate "2018.07.23"]
[EventType "swiss"]
[EventRounds "7"]
[EventCountry "LTU"]
[SourceTitle "CBM 186 Extra"]
[Source "ChessBase"]
[SourceDate "2018.08.24"]
[SourceVersion "1"]
[SourceVersionDate "2018.08.24"]
[SourceQuality "1"]

1. d4 Nf6 2. c4 g6 3. Nc3 Bg7 4. e4 d6 5. f3 0-0 6. Be3 b6 7. Qd2 c5 8. d5 e6 9. Rd1 exd5 10. Nxd5 Be6 11. Nc3 Nc6 12. Qxd6 Qxd6 13. Rxd6 Ne5 14. Bf4 Nh5 15. Bxe5 Bxe5 16. Rd1 f5 17. Nh3 Bxc3+ 18. bxc3 fxe4 19. fxe4 Bxh3 20. gxh3 Rae8 21. Bd3 Nf4 22. Bc2 Nxh3 23. Rd7 Nf2 24. 0-0 Nh3+ 25. Kg2 Rxf1 26. Kxf1 Rf8+ 27. Ke1 Rf7 28. Rxf7 Kxf7 29. Ke2 Kf6 30. Kf3 Ng5+ 31. Kf4 Ne6+ 32. Kf3 Ke5 33. Ke3 Nf4 34. Bd1 g5 35. Bg4 h5 36. Bf5 Ne6 37. Bg6 Nf4 38. Be8 Kf6 39. Bd7 Ne6 40. Be8 Nf4 41. Bd7 Ke5 42. Be8 g4 43. Bd7 Nh3 44. Be8 h4 45. Bd7 Ng5 46. Bxg4 Nxe4 47. Bd1 Nxc3 48. Bb3 Ne4 49. Bc2 Nf6 50. h3 a6 51. Bd3 Nh5 52. Be2 Nf4 53. Bf1 Ne6 54. Kf3 b5 55. cxb5 axb5 56. Ke3 Nd4 57. Kd3 Nf5 58. Kc3 Nd6 59. a3 Kf4 60. Kb3 Kf3 61. Bxb5 Nxb5 62. a4 Na7 63. Kc4 Kg3 64. Kxc5 Kxh3 65. a5 Kg4 66. Kb6 h3 67. Kxa7 h2 68. a6 h1Q 69. Kb8 Qb1+ 70. Ka8 Qe4+ 71. Kb8 Qe8+ 72. Kb7 Qb5+ 0-1

[Event "Klaipeda Sea op-A 15th"]
[Site "Klaipeda"]
[Date "2018.07.27"]
[Round "5"]
[White "Jablokov, Dmitrij"]
[Black "Brikers, Aleksandrs"]
[Result "1/2-1/2"]
[WhiteElo "1979"]
[BlackElo "2046"]
[PlyCount "50"]
[EventDate "2018.07.23"]
[EventType "swiss"]
[EventRounds "7"]
[EventCountry "LTU"]
[SourceTitle "CBM 186 Extra"]
[Source "ChessBase"]
[SourceDate "2018.08.24"]
[SourceVersion "1"]
[SourceVersionDate "2018.08.24"]
[SourceQuality "1"]

1. d4 Nf6 2. c4 c5 3. e3 e6 4. Nc3 d5 5. Nf3 Nc6 6. a3 a6 7. dxc5 Bxc5 8. b4 Ba7 9. Bb2 0-0 10. Be2 dxc4 11. Bxc4 b5 12. Bb3 Bb7 13. 0-0 Qe7 14. Qe2 Rfd8 15. Rfd1 h6 16. Bc2 Rxd1+ 17. Rxd1 Rd8 18. Rd2 Bb8 19. Ne4 Nxe4 20. Bxe4 Rxd2 21. Qxd2 Qd6 22. Qc2 Kh8 23. Bxc6 Qxc6 24. Qxc6 Bxc6 25. Be5 Bxf3 1/2-1/2

[Event "LAT-ch"]
[Site "Riga"]
[Date "2018.05.04"]
[Round "7"]
[White "Gudovskis, Konstantins"]
[Black "Brikers, Aleksandrs"]
[Result "1-0"]
[WhiteElo "1998"]
[BlackElo "1958"]
[PlyCount "71"]
[EventDate "2018.04.30"]
[EventType "swiss"]
[EventRounds "9"]
[EventCountry "LAT"]
[SourceTitle "CBM 184 Extra"]
[Source "ChessBase"]
[SourceDate "2018.06.28"]
[SourceVersion "1"]
[SourceVersionDate "2018.06.28"]
[SourceQuality "1"]

1. d4 d5 2. c4 e6 3. Nf3 Nf6 4. Nc3 c6 5. Bg5 h6 6. Bxf6 Qxf6 7. Qc2 Nd7 8. e4 dxe4 9. Qxe4 g6 10. Bd3 Bg7 11. h4 Qe7 12. 0-0-0 a6 13. Rhe1 Kf8 14. Qe2 b5 15. c5 a5 16. Kb1 a4 17. Ne4 a3 18. b3 Ba6 19. Nd6 Nf6 20. Ne5 Nd5 21. Qf3 Bxe5 22. Rxe5 Nc3+ 23. Kc2 Nxd1 24. Bxg6 f6 25. Kxd1 Bc8 26. Re4 Bd7 27. g4 Qg7 28. h5 Qe7 29. Qe3 e5 30. dxe5 fxe5 31. Rxe5 Qf6 32. Bf5 Qg7 33. Qe4 Rd8 34. Bxd7 Qxd7 35. Qg6 Rh7 36. Rf5+ 1-0

[Event "Palanga op"]
[Site "Palanga"]
[Date "2015.06.20"]
[Round "9"]
[White "Lindermans, Pavels"]
[Black "Brikers, Aleksandrs"]
[Result "1/2-1/2"]
[WhiteElo "1632"]
[BlackElo "1752"]
[PlyCount "47"]
[EventDate "2015.06.15"]
[EventType "swiss"]
[EventRounds "9"]
[EventCountry "LTU"]
[SourceTitle "CBM 167 Extra"]
[Source "ChessBase"]
[SourceDate "2015.09.14"]
[SourceVersion "1"]
[SourceVersionDate "2015.09.14"]
[SourceQuality "1"]

1. e4 e5 2. Nf3 Nc6 3. Bb5 a6 4. Ba4 b5 5. Bb3 Nf6 6. 0-0 Bc5 7. d3 0-0 8. a4 Bb7 9. Bg5 Re8 10. Nc3 Nd4 11. Nxd4 exd4 12. Ne2 h6 13. Bh4 g5 14. Bg3 d5 15. e5 Ng4 16. Nxd4 Nxh2 17. Kxh2 Bxd4 18. f4 Bxb2 19. Rb1 Bd4 20. Qh5 Re6 21. fxg5 Qf8 22. Rf5 Qg7 23. Rbf1 Rf8 24. Kh1 1/2-1/2

[Event "Palanga op"]
[Site "Palanga"]
[Date "2015.06.19"]
[Round "8"]
[White "Brikers, Aleksandrs"]
[Black "Meskenaite, Rugile"]
[Result "1/2-1/2"]
[WhiteElo "1752"]
[BlackElo "1536"]
[PlyCount "43"]
[EventDate "2015.06.15"]
[EventType "swiss"]
[EventRounds "9"]
[EventCountry "LTU"]
[SourceTitle "CBM 167 Extra"]
[Source "ChessBase"]
[SourceDate "2015.09.14"]
[SourceVersion "1"]
[SourceVersionDate "2015.09.14"]
[SourceQuality "1"]

1. e4 e5 2. Nf3 Nc6 3. Bc4 Bc5 4. Nc3 d6 5. d3 Bg4 6. h3 Bh5 7. Be3 Bb6 8. Qd2 Nge7 9. 0-0-0 Ba5 10. g4 Bg6 11. h4 h5 12. g5 a6 13. Nh2 b5 14. Bb3 Nd4 15. Rde1 0-0 16. f4 Nxb3+ 17. axb3 exf4 18. Bxf4 d5 19. exd5 Nxd5 20. Be5 c5 21. Qg2 Nb4 22. Re2 1/2-1/2